الإشكالات الإجرائية للشهادة في المسائل الجزائية : دراسة مقارنة / (رقم التسجيلة. 112708)
[ عرض عادي ]
| 000 -LEADER | |
|---|---|
| fixed length control field | 00671nam a22001937a 4500 |
| 005 - DATE AND TIME OF LATEST TRANSACTION | |
| control field | 20251108174557.0 |
| 008 - FIXED-LENGTH DATA ELEMENTS--GENERAL INFORMATION | |
| fixed length control field | 250721s2008 xx 000 0 ara d |
| 082 14 - DEWEY DECIMAL CLASSIFICATION NUMBER | |
| Classification number | 345/خ |
| 100 1# - MAIN ENTRY--PERSONAL NAME | |
| Personal name | الخرابشة، إحمود فالح |
| Relator term | مؤلف |
| 245 10 - TITLE STATEMENT | |
| Title | الإشكالات الإجرائية للشهادة في المسائل الجزائية : دراسة مقارنة / |
| 264 1# - PRODUCTION, PUBLICATION, DISTRIBUTION, MANUFACTURE, AND COPYRIGHT NOTICE | |
| Place of production, publication, distribution, manufacture | عمان : |
| Name of producer, publisher, distributor, manufacturer | دار الثقافة للنشر و التوزيع، |
| Date of production, publication, distribution, manufacture, or copyright notice | 2008. |
| 300 ## - PHYSICAL DESCRIPTION | |
| Extent | 368 ص. |
| 650 17 - SUBJECT ADDED ENTRY--TOPICAL TERM | |
| Topical term or geographic name as entry element | القانون الجنااي |
| 650 17 - SUBJECT ADDED ENTRY--TOPICAL TERM | |
| Topical term or geographic name as entry element | ادله المحاكم |
| 650 17 - SUBJECT ADDED ENTRY--TOPICAL TERM | |
| Topical term or geographic name as entry element | البينات |
| 650 17 - SUBJECT ADDED ENTRY--TOPICAL TERM | |
| Topical term or geographic name as entry element | العقوبات |
| 942 ## - ADDED ENTRY ELEMENTS (KOHA) | |
| Source of classification or shelving scheme | Dewey Decimal Classification |
| Koha item type | كتب |
| حالة السحب | حالة الفقدان | مصدر التصنيف | حالة التلف | غير قابل للإعارة | المكتبة الرئيسية | المكتبة الحالية | موقع الرف | تاريخ التزويد | الرقم المتسلسل | Total Checkouts | رقم الإستدعاء | الباركود | تاريخ آخر ظهور | تاريخ الفاتورة | نوع المادة (كوها) |
|---|---|---|---|---|---|---|---|---|---|---|---|---|---|---|---|
| Dewey Decimal Classification | المكتبة المركزية | المكتبة المركزية | مقتنيات قسم التزويد | 28/07/2025 | 1729849 | 345/خ | 28/07/2025 | 28/07/2025 | كتب | ||||||
| Dewey Decimal Classification | مكتبة أم قصير والمقابلين العامة | مكتبة أم قصير والمقابلين العامة | الإعارة | 17/06/2008 | 1197553 | 345/خ | PLD00022208 | 28/07/2025 | 17/06/2008 | كتب | |||||
| Dewey Decimal Classification | مكتبة الأميرة ايمان العامة | مكتبة الأميرة ايمان العامة | الإعارة | 17/06/2008 | 1197545 | 345/خ | PLD00022200 | 28/07/2025 | 17/06/2008 | كتب | |||||
| Dewey Decimal Classification | مكتبة الاميرة بديعة | مكتبة الاميرة بديعة | الإعارة | 17/06/2008 | 1197548 | 345/خ | PLD00022203 | 28/07/2025 | 17/06/2008 | كتب | |||||
| Dewey Decimal Classification | مكتبة الجويدة | مكتبة الجويدة | الإعارة | 17/06/2008 | 1197549 | 345/خ | PLD00022204 | 28/07/2025 | 17/06/2008 | كتب | |||||
| Dewey Decimal Classification | مكتبة الحسن العامة | مكتبة الحسن العامة | الإعارة | 17/06/2008 | 1197550 | 345/خ | PLD00022205 | 28/07/2025 | 17/06/2008 | كتب | |||||
| Dewey Decimal Classification | مكتبة النصر العامة | مكتبة النصر العامة | الإعارة | 17/06/2008 | 1197555 | 345/خ | PLD00022210 | 28/07/2025 | 17/06/2008 | كتب | |||||
| Dewey Decimal Classification | Not For Loan | مكتبة تاريخ الأردن | مكتبة تاريخ الأردن | الإعارة | 22/02/2010 | 1360568 | 345/خ | PLD00135293 | 28/07/2025 | 22/02/2010 | كتب | ||||
| Dewey Decimal Classification | مكتبة حمزة العامة | مكتبة حمزة العامة | الإعارة | 17/06/2008 | 1197551 | 345/خ | PLD00022206 | 28/07/2025 | 17/06/2008 | كتب | |||||
| Dewey Decimal Classification | مكتبة صويلح العامة | مكتبة صويلح العامة | الإعارة | 17/06/2008 | 1197546 | 345/خ | PLD00022201 | 28/07/2025 | 17/06/2008 | كتب | |||||
| Dewey Decimal Classification | مكتبة وادي السير العامة | مكتبة وادي السير العامة | الإعارة | 17/06/2008 | 1197554 | 345/خ | PLD00022209 | 28/07/2025 | 17/06/2008 | كتب |